| 000 | 01140nam a22003017a 4500 | ||
|---|---|---|---|
| 001 | BRCA_9201 | ||
| 003 | FranzMayer | ||
| 005 | 20220809134512.0 | ||
| 008 | 220712b |||||||| |||| 00| 0 eng d | ||
| 020 | _a9782376660255 | ||
| 040 |
_bspa _cMFM |
||
| 041 | _aeng | ||
| 050 | 0 | 0 |
_aN6498.S58 _bD97 2019 |
| 245 | 0 | 0 | _aDysfunctional |
| 260 |
_aParís : _bNorma, _c2019 |
||
| 260 |
_aParís : _bCarpenters Workshop Gallery, _c2019 |
||
| 300 |
_a160 p. : _bfot. col. ; _c25.5 x 31 cm. |
||
| 336 |
_atext _btxt _2rdacontent |
||
| 337 |
_aunmediated _bn _2rdamedia |
||
| 338 |
_avolume _bnc _2rdacarrier |
||
| 500 | _aUbicación: L59-N5 | ||
| 500 | _aCatálogo de la exposición "Dysfunctional" en la Galleria Giorgio Franchetti alla Ca' d'Oro, Venecia (7 de mayo - 24 de noviembre, 2019) | ||
| 520 | _a"Dysfunctional" invita a reconsiderar la relación convencional entre expresiones artísticas y lo funcional. | ||
| 536 | _aPresentado en sociedad con Lombard Odier. | ||
| 610 |
_aGalleria Franchetti alla Ca' d'oro (Venice, Italy) _vCatálogo _vExposición _xArte _xDecoración _928447 |
||
| 942 |
_2lcc _cB |
||
| 999 |
_c10820 _d10820 |
||